| 000 | 00000cem 2200000zi 4500 |
| 001 | 9.962650 |
| 003 | CaOODSP |
| 005 | 20260511144339 |
| 006 | m o d f |
| 007 | cr mn||||||||| |
| 007 | ad cznzn |
| 008 | 251014t19941994onc bh e fo 0 eng d |
| 020 | |a0662226836|qprint |
| 034 | 1 |aa|b50000 |
| 040 | |aCaOODSP|beng|erda|cCaOODSP |
| 043 | |an-cn-on|an-cn-qu|an-us-ny |
| 086 | 1 |aEn40-455/5-1994E-PDF|zEn40-455/5-1994E |
| 245 | 00|aEnvironmental sensitivity atlas for the St. Lawrence River shorelines. |
| 255 | |aScale 1:50,000 ; |bUniversal Transverse Mercator projection. |
| 264 | 1|aDownsview, Ontario, Canada : |bEnvironment Canada, Environmental Protection Branch, Ontario Region = Environnement Canada, Direction générale de la protection de l'environnement, Région de l'Ontario, |c1994. |
| 264 | 4|c©1994 |
| 300 | |a1 online resource (1 atlas (56 pages)) : |bcolour illustrations, maps (chiefly colour) |
| 336 | |acartographic image|bcri|2rdacontent |
| 336 | |atext|btxt|2rdacontent |
| 337 | |acomputer|bc|2rdamedia |
| 338 | |aonline resource|bcr|2rdacarrier |
| 500 | |a"Prepared by: Environment Canada, Environmental Protection Branch, Ontario Region ; Canadian Coast Guard; United States Coast Guard, District 9; United States National Oceanic and Atmospheric Administration." |
| 500 | |aDigitized edition from print [produced by Environment and Climate Change Canada]. |
| 500 | |aIssued also in French under title: Atlas des zones du rivage du fleuve Saint-Laurent sensibles aux impacts environnementaux. |
| 504 | |aIncludes bibliographical references (pages 51-52). |
| 520 | |a"The Environmental sensitivity atlas for the St. Lawrence River shorelines is a publication designed for use in response to spills of oil and other hazardous materials. This Atlas will allow responders to work from a common basis to rapidly identify the resources at risk during a spill. Information in the Atlas will assist decision makers to quickly assign priorities for protection measures"--Introduction, page 4. |
| 650 | 0|aOil spills|xEnvironmental aspects|zSaint Lawrence River|vMaps. |
| 650 | 0|aShorelines|zSaint Lawrence River|vMaps. |
| 651 | 0|aSaint Lawrence River|vMaps. |
| 651 | 0|aSaint Lawrence River|vAtlases. |
| 655 | 7|aAtlases|2lcgft |
| 655 | 7|aMaps|2lcgft |
| 710 | 1 |aCanada. |bEnvironmental Protection Directorate. |bOntario Region, |eissuing body. |
| 710 | 2 |aCanadian Coast Guard, |eissuing body. |
| 710 | 1 |aUnited States. |bCoast Guard, |eissuing body. |
| 710 | 1 |aUnited States. |bNational Oceanic and Atmospheric Administration, |eissuing body. |
| 775 | 08|tAtlas des zones du rivage du fleuve Saint-Laurent sensibles aux impacts environnementaux / |w(CaOODSP)9.960293 |
| 856 | 40|qPDF|s32,599 KB|uhttps://publications.gc.ca/collections/collection_2026/eccc/en40/En40-455-5-1994-eng.pdf |